K racionalite správania na finančných trhoch

Problematika racionálneho správania subjektov na finančných trhoch. Kognitívne a emočné odchýlky od racionálneho správania. Reprezentatívnosť a dostupnosť informácií na finančných trhoch. Formy reprezentatívnosti. Kategorizácia informácií. Úzky uhol pohľadu.

Gespeichert in:
Bibliographische Detailangaben
1. Verfasser: Pilch, Ctibor, 1957-
Format: Buchkapitel
Sprache:Slowakisch
Schlagworte:
Tags: Tag hinzufügen
Keine Tags, Fügen Sie das erste Tag hinzu!

MARC

LEADER 00000nla a2200000 4500
001 0160777
005 20240502072806.2
041 0 |a slo 
044 |a SK 
245 1 0 |a K racionalite správania na finančných trhoch  |c Ctibor Pilch 
520 |a Problematika racionálneho správania subjektov na finančných trhoch. Kognitívne a emočné odchýlky od racionálneho správania. Reprezentatívnosť a dostupnosť informácií na finančných trhoch. Formy reprezentatívnosti. Kategorizácia informácií. Úzky uhol pohľadu. 
610 2 0 |a trh finančný 
610 2 0 |a investori 
610 2 0 |a manažéri 
610 2 0 |a informácie 
610 2 0 |a správanie 
100 1 |a Pilch, Ctibor, 1957-